000
00238nam a2200097Ia 4500
008
170619s9999 xx 000 0 und d
100
_a
Hillman David
245
0
_a
Multimedia Technology and Application
260
_b
Galgotia Pub.
260
_c
1998
546
_a
ENGLISH
999
_c
17410
_d
17410